Oceanic liguistics (Record no. 105060)

MARC details
000 -LEADER
fixed length control field 00452nam a2200181Ia 4500
003 - CONTROL NUMBER IDENTIFIER
control field OSt
005 - DATE AND TIME OF LATEST TRANSACTION
control field 20251003155823.0
008 - FIXED-LENGTH DATA ELEMENTS--GENERAL INFORMATION
fixed length control field 220915b |||||||| |||| 00| 0 eng d
037 ## - SOURCE OF ACQUISITION
Terms of availability TB
040 ## - CATALOGING SOURCE
Language of cataloging eng
Original cataloging agency ARTS
Transcribing agency ARTS
041 ## - LANGUAGE CODE
Language code of text/sound track or separate title eng
084 ## - COLON CLASSIFICATION NUMBER
Classification number P9m K4
Assigning agency AL
100 ## - MAIN ENTRY--PERSONAL NAME
Personal name Grace George W. Ed.
9 (RLIN) 847453
245 #0 - TITLE STATEMENT
Title Oceanic liguistics
260 ## - PUBLICATION, DISTRIBUTION, ETC.
Date of publication, distribution, etc. 1975
942 ## - ADDED ENTRY ELEMENTS (KOHA)
Classification part P9m K4
Koha item type Textbook
Source of classification or shelving scheme Colon Classification (CC)
Suppress in OPAC No
Holdings
Withdrawn status Lost status Damaged status Not for loan Home library Current library Date acquired Total Checkouts Full call number Barcode Date last seen Price effective from Koha item type
        Arts Library Arts Library 2022-09-16   P9m K4 AL0387962 2022-09-16 2022-09-16 Textbook
Copyright @ Delhi University Library System